<?xml version="1.0" encoding="UTF-8"?>
<record
    xmlns:xsi="http://www.w3.org/2001/XMLSchema-instance"
    xsi:schemaLocation="http://www.loc.gov/MARC21/slim http://www.loc.gov/standards/marcxml/schema/MARC21slim.xsd"
    xmlns="http://www.loc.gov/MARC21/slim">

  <leader>00606nam a22001577a 4500</leader>
  <controlfield tag="008">210626b        xxu||||| |||| 00| 0 eng d</controlfield>
  <datafield tag="020" ind1=" " ind2=" ">
    <subfield code="a">0387329048</subfield>
  </datafield>
  <datafield tag="050" ind1=" " ind2=" ">
    <subfield code="a">HV6432</subfield>
    <subfield code="b">.S73 2006 </subfield>
  </datafield>
  <datafield tag="245" ind1=" " ind2=" ">
    <subfield code="a">Statistical Methods in Counterterrorism </subfield>
    <subfield code="b">Game Theory, Modeling Syndromic Surveillance, and Biometric Identification </subfield>
    <subfield code="c">Edited by Alyson G. Wilson, Gregory D. Wilson &amp; David H. Olwell</subfield>
  </datafield>
  <datafield tag="260" ind1=" " ind2=" ">
    <subfield code="a">New York</subfield>
    <subfield code="b">Springer </subfield>
    <subfield code="c">2006</subfield>
  </datafield>
  <datafield tag="300" ind1=" " ind2=" ">
    <subfield code="a">xii, 293p.</subfield>
  </datafield>
  <datafield tag="650" ind1=" " ind2=" ">
    <subfield code="a">Terrorism</subfield>
    <subfield code="z">United States </subfield>
  </datafield>
  <datafield tag="650" ind1=" " ind2=" ">
    <subfield code="a">Bimetric Identification </subfield>
  </datafield>
  <datafield tag="650" ind1=" " ind2=" ">
    <subfield code="a">Behavioral Assessment </subfield>
    <subfield code="v">Statistical Methods </subfield>
  </datafield>
  <datafield tag="942" ind1=" " ind2=" ">
    <subfield code="2">lcc</subfield>
    <subfield code="c">BK</subfield>
  </datafield>
  <datafield tag="999" ind1=" " ind2=" ">
    <subfield code="c">19002</subfield>
    <subfield code="d">19002</subfield>
  </datafield>
  <datafield tag="952" ind1=" " ind2=" ">
    <subfield code="0">0</subfield>
    <subfield code="1">0</subfield>
    <subfield code="2">lcc</subfield>
    <subfield code="7">0</subfield>
    <subfield code="a">KABU</subfield>
    <subfield code="b">KABU</subfield>
    <subfield code="d">2021-06-26</subfield>
    <subfield code="g">8049.00</subfield>
    <subfield code="l">0</subfield>
    <subfield code="o">HV6432 .S73 2006 c.1</subfield>
    <subfield code="p">029094</subfield>
    <subfield code="r">2021-06-26 00:00:00</subfield>
    <subfield code="w">2021-06-26</subfield>
    <subfield code="y">BK</subfield>
  </datafield>
  <datafield tag="952" ind1=" " ind2=" ">
    <subfield code="0">0</subfield>
    <subfield code="1">0</subfield>
    <subfield code="2">lcc</subfield>
    <subfield code="7">0</subfield>
    <subfield code="a">KABU</subfield>
    <subfield code="b">KABU</subfield>
    <subfield code="d">2021-06-26</subfield>
    <subfield code="g">8049.00</subfield>
    <subfield code="l">0</subfield>
    <subfield code="o">HV6432 .S73 2006 c.2</subfield>
    <subfield code="p">029092</subfield>
    <subfield code="r">2023-06-07 00:00:00</subfield>
    <subfield code="w">2021-06-26</subfield>
    <subfield code="y">BK</subfield>
  </datafield>
  <datafield tag="952" ind1=" " ind2=" ">
    <subfield code="0">0</subfield>
    <subfield code="1">0</subfield>
    <subfield code="2">lcc</subfield>
    <subfield code="7">0</subfield>
    <subfield code="a">KABU</subfield>
    <subfield code="b">KABU</subfield>
    <subfield code="d">2021-06-26</subfield>
    <subfield code="g">8049.00</subfield>
    <subfield code="l">1</subfield>
    <subfield code="o">HV6432 .S73 2006 c.3</subfield>
    <subfield code="p">029093</subfield>
    <subfield code="r">2023-06-09 00:00:00</subfield>
    <subfield code="s">2023-06-09</subfield>
    <subfield code="w">2021-06-26</subfield>
    <subfield code="y">BK</subfield>
  </datafield>
</record>
